Bài tập giải tích hàm
Nội dung sách gồm 6 chương. Các đề bài đã được cho ở cuối mỗi chương của giáo trình thì có thêm vào một số bài tập mới. Các bài tập có nội dung phong phú được tuyển chọn một cách công phu sẽ giúp bạn đọc năm tốt lý thuyết hơn biết...
Сохранить в:
| Главный автор: | |
|---|---|
| Формат: | |
| Язык: | Undetermined |
| Опубликовано: |
Hà Nội
Giáo dục
2012
|
| Предметы: | |
| Метки: |
Добавить метку
Нет меток, Требуется 1-ая метка записи!
|
| Thư viện lưu trữ: | Trung tâm Học liệu Trường Đại học Cần Thơ |
|---|
| LEADER | 00997nam a2200205Ia 4500 | ||
|---|---|---|---|
| 001 | CTU_191382 | ||
| 008 | 210402s9999 xx 000 0 und d | ||
| 020 | |c 54000 | ||
| 082 | |a 515.7 | ||
| 082 | |b L304 | ||
| 100 | |a Nguyễn, Xuân Liêm | ||
| 245 | 0 | |a Bài tập giải tích hàm | |
| 245 | 0 | |c Nguyễn Xuân Liêm | |
| 260 | |a Hà Nội | ||
| 260 | |b Giáo dục | ||
| 260 | |c 2012 | ||
| 520 | |a Nội dung sách gồm 6 chương. Các đề bài đã được cho ở cuối mỗi chương của giáo trình thì có thêm vào một số bài tập mới. Các bài tập có nội dung phong phú được tuyển chọn một cách công phu sẽ giúp bạn đọc năm tốt lý thuyết hơn biết vận dụng những kiến thức trong giáo trình. | ||
| 650 | |a Functional analysis,Giải tích hàm | ||
| 904 | |i Hải | ||
| 980 | |a Trung tâm Học liệu Trường Đại học Cần Thơ | ||